000 00593nam a2200205Ia 4500
003 GCL
008 140319s9999 xx 000 0 ara d
040 _aGCL /
_cGCL
082 0 4 _a891.7
_bر ا
100 1 _aرمسيس عوض
245 1 0 _aادباء روس منشقون /
_cرمسيس عوض
260 _a[S.N] :
_bالهيئة المصرية العامة للكتاب ،
_c1992
300 _a277 ص
490 _a
650 0 4 _aالادب الروسى
650 0 4 _aالتراجم
650 0 4 _aالادباء الروسيون
650 0 4 _aتاريخ ونقد
942 _2ddc
_cBK
999 _c29850
_d29850